FIFA 20 - French Player Names - Statistics

General Stats
  • This quiz has been taken 376 times
  • The average score is 15 of 24
Answer Stats
Surname Name % Correct
Kante Ngolo
96%
Lloris Hugo
92%
Benzema Karim
91%
Henry Thierry
91%
Giroud Olivier
90%
Pogba Paul
90%
Varane Raphael
89%
Ribery Frank
86%
Mbappe Kylian
86%
Zidane Zinedine
86%
Coman Kingsley
84%
Griezmann Antoine
82%
Dembele Ousmane
81%
Umtiti Samuel
80%
Martial Anthony
77%
Zouma Kurt
73%
Matuidi Blaise
69%
Payet Dimitri
66%
Nasri Samir
66%
Laporte Aymeric
61%
Lemar Thomas
61%
Modeste Anthony
58%
Trezeguet David
56%
Mendy Ferland
56%
Lacazette Alexandre
55%
Pires Robert
54%
Petit Emmanuel
51%
Sissoko Moussa
51%
Blanc Laurent
49%
Makalele Claude
48%
Desailly Marcel
47%
Gamero Kevin
46%
Thauvin Florian
45%
N'Zonzi Steven
45%
Ben Yedder Wissam
45%
Remy Loic
36%
Schneiderlin Morgan
33%
Clichy Gael
31%
Malcuit Kevin
31%
Valbuena Mathieu
30%
Tolisso Corentin
29%
Sidibe Djibril
27%
Kurzawa Layvin
24%
Plea Alassane
23%
Bakayoko Tiemoue
23%
Lala Kenny
22%
Ikone Jonathan
20%
Sarr Malang
18%
Doucoure Abdoulaye
16%
Perrin Loic
16%
No matching quizzes found
Score Distribution
Percent of People with Each Score
Percentile by Number Answered
Your Score History
You have not taken this quiz